[Event "ESP-ch rapid"]
[Site "Linares"]
[Date "2017.08.13"]
[Round "5"]
[White "Iturrizaga Bonelli, Eduardo"]
[Black "Ponomariov, Ruslan"]
[Result "1/2-1/2"]
[WhiteElo "2662"]
[BlackElo "2692"]
[PlyCount "37"]
[EventDate "2017.08.13"]
[EventType "swiss (rapid)"]
[EventRounds "9"]
[EventCountry "ESP"]
[SourceTitle "CBM 179 Extra"]
[Source "ChessBase"]
[SourceDate "2017.08.23"]
[SourceVersion "1"]
[SourceVersionDate "2017.08.23"]
[SourceQuality "1"]

1. b3 Nf6 2. Bb2 g6 3. Bxf6 exf6 4. c4 f5 5. Nc3 d6 6. g3 Nd7 7. Bg2 Nf6 8. e3
h5 9. h4 Bh6 10. Nge2 O-O 11. O-O Re8 12. Nf4 c6 13. Nce2 a5 14. Qc2 Bd7 15. a3
Ng4 16. Rab1 Bg7 17. b4 axb4 18. axb4 Ra3 19. d4 1/2-1/2

[Event "ESP-ch rapid"]
[Site "Linares"]
[Date "2017.08.13"]
[Round "6"]
[White "Ponomariov, Ruslan"]
[Black "Arizmendi Martinez, Julen Luis"]
[Result "1-0"]
[WhiteElo "2692"]
[BlackElo "2513"]
[PlyCount "57"]
[EventDate "2017.08.13"]
[EventType "swiss (rapid)"]
[EventRounds "9"]
[EventCountry "ESP"]
[SourceTitle "CBM 179 Extra"]
[Source "ChessBase"]
[SourceDate "2017.08.23"]
[SourceVersion "1"]
[SourceVersionDate "2017.08.23"]
[SourceQuality "1"]

1. e4 e6 2. d4 d5 3. Nc3 Bb4 4. e5 Ne7 5. a3 Bxc3+ 6. bxc3 b6 7. Qg4 Ng6 8. h4
h5 9. Qg3 Ba6 10. Bxa6 Nxa6 11. Qd3 Nb8 12. Bg5 Qd7 13. a4 Nc6 14. Ne2 Na5 15.
Qf3 c5 16. Ng3 cxd4 17. cxd4 Qc6 18. O-O Rc8 19. Nxh5 Kf8 20. Qg4 Qc4 21. Rfe1
Nc6 22. Nxg7 Kxg7 23. Bf6+ Kg8 24. c3 Qxc3 25. Rac1 Qd3 26. h5 Rh6 27. Re3 Qf5
28. Qxf5 exf5 29. hxg6 1-0

[Event "ESP-ch rapid"]
[Site "Linares"]
[Date "2017.08.13"]
[Round "7"]
[White "Volkov, Sergey"]
[Black "Ponomariov, Ruslan"]
[Result "1/2-1/2"]
[WhiteElo "2637"]
[BlackElo "2692"]
[PlyCount "53"]
[EventDate "2017.08.13"]
[EventType "swiss (rapid)"]
[EventRounds "9"]
[EventCountry "ESP"]
[SourceTitle "CBM 179 Extra"]
[Source "ChessBase"]
[SourceDate "2017.08.23"]
[SourceVersion "1"]
[SourceVersionDate "2017.08.23"]
[SourceQuality "1"]

1. d4 d5 2. c4 e6 3. Nc3 a6 4. cxd5 exd5 5. Nf3 Nf6 6. Bg5 Be6 7. h3 Nbd7 8. e3
h6 9. Bf4 Bb4 10. Bd3 c5 11. dxc5 Nxc5 12. O-O Bxc3 13. bxc3 O-O 14. a4 Qa5 15.
Be5 Nfe4 16. Bc2 Rac8 17. Nd4 Rfe8 18. Nxe6 Nxe6 19. Bxe4 dxe4 20. Bd4 Qd5 21.
Rb1 Re7 22. Rb6 Rc6 23. Qb3 Qxb3 24. Rxb3 Nc5 25. Bxc5 Rxc5 26. Rfb1 Rc4 27.
Rxb7 1/2-1/2

[Event "ESP-ch rapid"]
[Site "Linares"]
[Date "2017.08.13"]
[Round "8"]
[White "Ponomariov, Ruslan"]
[Black "Forcen Esteban, Daniel"]
[Result "1-0"]
[WhiteElo "2692"]
[BlackElo "2535"]
[PlyCount "67"]
[EventDate "2017.08.13"]
[EventType "swiss (rapid)"]
[EventRounds "9"]
[EventCountry "ESP"]
[SourceTitle "CBM 179 Extra"]
[Source "ChessBase"]
[SourceDate "2017.08.23"]
[SourceVersion "1"]
[SourceVersionDate "2017.08.23"]
[SourceQuality "1"]

1. e4 e6 2. d4 d5 3. Nc3 Nf6 4. e5 Nfd7 5. f4 c5 6. Nf3 Be7 7. Be3 b6 8. Qd2
O-O 9. h4 Nc6 10. Bb5 Nxd4 11. Nxd4 cxd4 12. Bxd4 Bxh4+ 13. g3 Bxg3+ 14. Ke2 f6
15. Qd3 fxe5 16. Qxh7+ Kf7 17. Rh6 Bxf4 18. Qg6+ Kg8 19. Qh7+ Kf7 20. Rg6 Rg8
21. Rag1 Qf8 22. Bf2 Nf6 23. Qh3 Rh8 24. Qg2 Rh7 25. Rxf6+ gxf6 26. Qg6+ Ke7
27. Qxh7+ Kd6 28. Rg7 e4 29. Bd4 Qd8 30. Rg8 Qe7 31. Qh8 e5 32. Rxc8 Rxc8 33.
Qxc8 exd4 34. Qc6+ 1-0

[Event "ESP-ch rapid"]
[Site "Linares"]
[Date "2017.08.13"]
[Round "9"]
[White "Anton Guijarro, David"]
[Black "Ponomariov, Ruslan"]
[Result "1/2-1/2"]
[WhiteElo "2654"]
[BlackElo "2692"]
[PlyCount "21"]
[EventDate "2017.08.13"]
[EventType "swiss (rapid)"]
[EventRounds "9"]
[EventCountry "ESP"]
[SourceTitle "CBM 179 Extra"]
[Source "ChessBase"]
[SourceDate "2017.08.23"]
[SourceVersion "1"]
[SourceVersionDate "2017.08.23"]
[SourceQuality "1"]

1. e4 e5 2. Nf3 Nc6 3. Bb5 a6 4. Ba4 Nf6 5. O-O Be7 6. d3 b5 7. Bb3 d6 8. a4
Bd7 9. c3 Na5 10. Bc2 c5 11. d4 1/2-1/2

[Event "EU-chT (Men) 21st"]
[Site "Heraklion"]
[Date "2017.11.01"]
[Round "5.2"]
[White "Ponomariov, Ruslan"]
[Black "Dvirnyy, Danyyil"]
[Result "1-0"]
[WhiteElo "2687"]
[BlackElo "2542"]
[Annotator "Fernandez,D"]
[PlyCount "65"]
[EventDate "2017.10.28"]
[EventType "team-swiss"]
[EventRounds "9"]
[EventCountry "GRE"]
[SourceTitle "CBM 182"]
[Source "ChessBase"]
[SourceDate "2018.01.17"]
[SourceVersion "1"]
[SourceVersionDate "2018.01.17"]
[SourceQuality "1"]
[WhiteTeam "Ukraine"]
[BlackTeam "Italy"]
[WhiteTeamCountry "UKR"]
[BlackTeamCountry "ITA"]
[WhiteClock "0:10:23"]
[BlackClock "0:03:10"]

{If the theme of round 4's best clashes (as judged by me) was the rook endgame,
then round 5 was similarly characterised by... great attacking chess. We see a
number of specimens, and then just as you were beginning to think I had woken
up a bit, we return to our rook endings with extra b-pawns.} 1. e4 e6 2. d4 d5
3. Nc3 Nf6 4. e5 Nfd7 5. f4 c5 6. Nf3 Be7 7. Ne2 Nc6 8. c3 Qb6 9. a3 O-O (9...
a5 {is main here, presumably to avoid what happens in the game.}) 10. b4 cxd4
11. cxd4 a5 12. b5 $1 {Previously played only in little-known games, but the
only move to make any sense, and so Black could have expected this.} Qxb5 13.
Nc3 Qb6 14. Rb1 Qd8 15. Bd3 a4 $5 {risks looking a bit irrelevant.} (15... Nb6
16. h4 f5 17. Nb5 Nc4 {would have got Black started a bit faster, since he
doesn't really want to to play ...Qa5 anyway, and White was never going a4.})
16. h4 f5 {Something must be done about the Greek gift.} 17. Nb5 $44 Re8 18. g4
Nf8 {Black defends well for now.} 19. Qc2 Bd7 {Not bad at all; the idea of ...
Rc8 makes White take on f5 now - at least once...} (19... fxg4 {is inhuman,
and in fact terrible, thanks to} 20. Ng5 Bxg5 21. hxg5 g6 22. Kf2 {(for
instance) when the machine learns the error of its ways.}) (19... Ra6 $5 {
is an interesting bet, trying to use the squares left behind by captured
pieces for good.} 20. gxf5 (20. Qg2 Na5 {Eventually, White must take, and then
the 6th rank defence will be useful.}) 20... exf5 21. Bxf5 (21. Kf2 Ne6 $11)
21... g6 22. Bxc8 Qxc8 $11 {when Black has extremely good light squares.}) 20.
gxf5 exf5 21. Bxf5 $6 (21. Bd2 $5 $14 {takes a time out before snacking on f5
to ensure that Black can't swap knights in a favourable way. The weakness of
a4 is noteworthy in the line} Rc8 22. Qxa4 $14) 21... Nb4 $1 $15 {Inspired use
of tactics - it was clearly this that Black had in mind two moves ago.} 22.
axb4 Bxb5 23. Qg2 $1 a3 $1 {I didn't want the pawn to be moved to a4, but
since it was, it should be moved further...} 24. Rg1 {There really is no time
for messing around.} Bxh4+ 25. Kd1 g6 26. Bc2 a2 (26... Re6 $132 {is
unhelpfully suggested by the machine.} 27. f5 Rc6 {and Black has great
counter-attacking chances based on ...Rxc2 motifs.}) 27. Ra1 Qc7 28. f5 $5 {
For bravado: The initiative is far more important than taking pieces right now!
} (28. Nxh4 Qc3 29. Nxg6 {was objectively best, and should draw - but nobody
tells you this during a game.} Be2+ 30. Kxe2 Qxc2+ 31. Ke1 Qc3+ 32. Kf2 Nxg6
$11) 28... Rec8 $2 (28... Qc3 {should have been played anyway, and after} 29.
fxg6 h6 $1 $19 {- a theme which gives me a flashback to Groszpeter-Fernandez,
Kecskemet 2015...}) 29. fxg6 hxg6 30. Nxh4 {Since Black was not threatening
even a check and this move now does, White gets in first.} Qc3 31. Qxd5+ Kh8
32. Nxg6+ Nxg6 33. Qh1+ $3 {Not the only mate, but we always play Qh1+ when we
can, no?} 1-0

[Event "CZE-chT 1718"]
[Site "Czech Republic"]
[Date "2018.04.07"]
[Round "10.4"]
[White "Harikrishna, Pentala"]
[Black "Ponomariov, Ruslan"]
[Result "1/2-1/2"]
[WhiteElo "2738"]
[BlackElo "2687"]
[PlyCount "65"]
[EventDate "2017.11.18"]
[EventType "team-tourn"]
[EventRounds "11"]
[EventCountry "CZE"]
[SourceTitle "EXT 2019"]
[Source "ChessBase"]
[SourceDate "2018.10.10"]
[SourceVersion "1"]
[SourceVersionDate "2018.10.10"]
[SourceQuality "1"]
[WhiteTeam "Novoborsky"]
[BlackTeam "Lysa nad Labem"]
[WhiteTeamCountry "CZE"]
[BlackTeamCountry "CZE"]

1. e4 e5 2. Nf3 Nc6 3. Bb5 Nf6 4. O-O Nxe4 5. d4 Nd6 6. Bxc6 dxc6 7. dxe5 Nf5
8. Qxd8+ Kxd8 9. Nc3 Ke8 10. h3 h5 11. Ne2 b6 12. Nf4 Be7 13. e6 Bxe6 14. Nxe6
fxe6 15. Re1 Bf6 16. Rxe6+ Kd7 17. Re1 Rae8 18. Rxe8 Rxe8 19. Kf1 Nd6 20. Rb1
Ne4 21. h4 c5 22. Bf4 a5 23. g3 a4 24. Nd2 b5 25. Nxe4 Rxe4 26. b3 axb3 27.
axb3 Bc3 28. Be3 Kc6 29. Ke2 Re8 30. g4 hxg4 31. Rg1 c4 32. bxc4 bxc4 33. Rxg4
1/2-1/2

[Event "CZE-chT 1718"]
[Site "Czech Republic"]
[Date "2018.04.08"]
[Round "11.3"]
[White "Ponomariov, Ruslan"]
[Black "Michalik, Peter"]
[Result "1-0"]
[WhiteElo "2687"]
[BlackElo "2549"]
[PlyCount "87"]
[EventDate "2017.11.18"]
[EventType "team-tourn"]
[EventRounds "11"]
[EventCountry "CZE"]
[SourceTitle "EXT 2019"]
[Source "ChessBase"]
[SourceDate "2018.10.10"]
[SourceVersion "1"]
[SourceVersionDate "2018.10.10"]
[SourceQuality "1"]
[WhiteTeam "Lysa nad Labem"]
[BlackTeam "Unichess"]
[WhiteTeamCountry "CZE"]
[BlackTeamCountry "CZE"]

1. d4 Nf6 2. Bf4 e6 3. e3 b6 4. Nf3 Be7 5. c4 Nh5 6. Bg3 Bb7 7. Nc3 d6 8. d5 e5
9. Nd2 g6 10. Be2 Ng7 11. b4 O-O 12. Nb3 Nd7 13. f3 Bh4 14. Bxh4 Qxh4+ 15. g3
Qe7 16. e4 f5 17. Qd2 fxe4 18. fxe4 c5 19. dxc6 Bxc6 20. O-O-O Nf6 21. Qxd6
Qxd6 22. Rxd6 Nxe4 23. Nxe4 Bxe4 24. Re1 Nf5 25. Rd2 Rfe8 26. c5 Bb7 27. Bb5
Re7 28. c6 Rc8 29. Rc2 Ba8 30. Bc4+ Kg7 31. b5 a6 32. a4 axb5 33. axb5 Bxc6 34.
bxc6 Rxc6 35. Bd3 Rxc2+ 36. Bxc2 h5 37. Kd2 h4 38. g4 Nh6 39. Re4 Nf7 40. Rb4
Re6 41. Ke3 Ng5 42. Nd2 Rf6 43. Rb5 Re6 44. Nc4 1-0

[Event "EU-ch blitz"]
[Site "Katowice"]
[Date "2017.12.15"]
[Round "1"]
[White "Mikelsons, Mikelis Emils"]
[Black "Ponomariov, Ruslan"]
[Result "0-1"]
[WhiteElo "1721"]
[BlackElo "2694"]
[PlyCount "46"]
[EventDate "2017.12.15"]
[EventType "swiss (blitz)"]
[EventRounds "22"]
[EventCountry "POL"]
[SourceTitle "CBM 182 Extra"]
[Source "ChessBase"]
[SourceDate "2018.02.23"]
[SourceVersion "1"]
[SourceVersionDate "2018.02.23"]
[SourceQuality "1"]

1. d4 Nf6 2. c4 g6 3. Nc3 d5 4. Bf4 Bg7 5. e3 O-O 6. Rc1 Be6 7. c5 c6 8. Bd3
Bg4 9. f3 Bc8 10. Nge2 Nbd7 11. O-O Re8 12. e4 e5 13. dxe5 Nxe5 14. Bxe5 Rxe5
15. exd5 Nxd5 16. Be4 Be6 17. Qe1 Nxc3 18. Rxc3 Qa5 19. Bb1 Rxc5 20. Rxc5 Qxc5+
21. Kh1 Bc4 22. b4 Qe3 23. Rf2 Re8 0-1

[Event "EU-ch blitz"]
[Site "Katowice"]
[Date "2017.12.15"]
[Round "2"]
[White "Ponomariov, Ruslan"]
[Black "Mikelsons, Mikelis Emils"]
[Result "1-0"]
[WhiteElo "2694"]
[BlackElo "1721"]
[PlyCount "43"]
[EventDate "2017.12.15"]
[EventType "swiss (blitz)"]
[EventRounds "22"]
[EventCountry "POL"]
[SourceTitle "CBM 182 Extra"]
[Source "ChessBase"]
[SourceDate "2018.02.23"]
[SourceVersion "1"]
[SourceVersionDate "2018.02.23"]
[SourceQuality "1"]

1. e4 e5 2. Nf3 Nc6 3. Bc4 Bc5 4. c3 Nf6 5. d3 d6 6. Nbd2 a6 7. Bb3 O-O 8. Nf1
Re8 9. Bg5 h6 10. Bh4 Be6 11. Ne3 b5 12. Nd5 Bxd5 13. Bxd5 Qd7 14. Bxf6 gxf6
15. Nh4 Kh7 16. Qf3 Rab8 17. Qxf6 Rg8 18. Bxf7 Rg7 19. Bg6+ Kg8 20. Nf5 Rf8 21.
Nxh6+ Kh8 22. Qxf8+ 1-0

[Event "EU-ch blitz"]
[Site "Katowice"]
[Date "2017.12.15"]
[Round "3"]
[White "Ponomariov, Ruslan"]
[Black "Babanin, Gleb"]
[Result "1-0"]
[WhiteElo "2694"]
[BlackElo "2094"]
[PlyCount "125"]
[EventDate "2017.12.15"]
[EventType "swiss (blitz)"]
[EventRounds "22"]
[EventCountry "POL"]
[SourceTitle "CBM 182 Extra"]
[Source "ChessBase"]
[SourceDate "2018.02.23"]
[SourceVersion "1"]
[SourceVersionDate "2018.02.23"]
[SourceQuality "1"]

1. e4 c5 2. Nf3 d6 3. d4 cxd4 4. Nxd4 Nf6 5. Nc3 a6 6. f3 e5 7. Nb3 Be6 8. Be3
h5 9. Qd2 Nbd7 10. O-O-O b5 11. Nd5 Bxd5 12. exd5 Nb6 13. f4 Nbxd5 14. fxe5
dxe5 15. Bg5 Ne4 16. Qxd5 Qxd5 17. Rxd5 Nxg5 18. Rxe5+ Ne6 19. Be2 g6 20. Bf3
O-O-O 21. Na5 Bg7 22. Ree1 Kc7 23. Kb1 Rd6 24. c3 Bf6 25. Rhf1 Nc5 26. Bd5 Rf8
27. Nb3 Nxb3 28. Bxb3 Kd7 29. Re2 a5 30. a4 b4 31. cxb4 axb4 32. Ka2 Bd4 33.
Rxf7+ Rxf7 34. Bxf7 Kc6 35. Kb3 Rf6 36. Be8+ Kc5 37. a5 Rf2 38. Rxf2 Bxf2 39.
Bxg6 h4 40. Be4 Bg1 41. g4 Bxh2 42. Ka4 Be5 43. b3 Bd6 44. g5 Bf8 45. g6 Kd4
46. Bg2 Kc5 47. Bh3 Kc6 48. Bc8 Kc7 49. Bf5 Kb7 50. Kb5 Ka7 51. Bh3 Kb7 52.
Bg2+ Ka7 53. Bf1 Kb7 54. Bh3 Ka7 55. Bg2 Kb8 56. Kb6 Bg7 57. a6 Bd4+ 58. Kc6
Ka7 59. Bf1 h3 60. Bxh3 Kxa6 61. Kd5 Bc3 62. Ke6 Kb5 63. Kf7 1-0

[Event "EU-ch blitz"]
[Site "Katowice"]
[Date "2017.12.15"]
[Round "4"]
[White "Babanin, Gleb"]
[Black "Ponomariov, Ruslan"]
[Result "0-1"]
[WhiteElo "2094"]
[BlackElo "2694"]
[PlyCount "70"]
[EventDate "2017.12.15"]
[EventType "swiss (blitz)"]
[EventRounds "22"]
[EventCountry "POL"]
[SourceTitle "CBM 182 Extra"]
[Source "ChessBase"]
[SourceDate "2018.02.23"]
[SourceVersion "1"]
[SourceVersionDate "2018.02.23"]
[SourceQuality "1"]

1. e4 d6 2. d4 Nf6 3. Nc3 g6 4. Nf3 Bg7 5. Bd3 O-O 6. h3 a6 7. O-O b5 8. Re1
Bb7 9. a3 e6 10. Bg5 h6 11. Bh4 Qd7 12. e5 Nd5 13. Ne4 Nc6 14. Qd2 g5 15. Nfxg5
hxg5 16. Qxg5 f5 17. exf6 Nxf6 18. Nxf6+ Rxf6 19. Qg4 Rf7 20. Bg6 Nxd4 21.
Bxf7+ Qxf7 22. Rad1 Nf5 23. Bg5 Qg6 24. c3 Rf8 25. h4 Kh7 26. h5 Qf7 27. Rd3
Rg8 28. Qe2 Be5 29. f4 Bxf4 30. Bxf4 Rxg2+ 31. Qxg2 Bxg2 32. Kxg2 e5 33. Bg3
Qc4 34. Rf3 Qg4 35. h6 Nh4+ 0-1

[Event "EU-ch blitz"]
[Site "Katowice"]
[Date "2017.12.15"]
[Round "5"]
[White "Troyke, Christian"]
[Black "Ponomariov, Ruslan"]
[Result "0-1"]
[WhiteElo "2348"]
[BlackElo "2694"]
[PlyCount "86"]
[EventDate "2017.12.15"]
[EventType "swiss (blitz)"]
[EventRounds "22"]
[EventCountry "POL"]
[SourceTitle "CBM 182 Extra"]
[Source "ChessBase"]
[SourceDate "2018.02.23"]
[SourceVersion "1"]
[SourceVersionDate "2018.02.23"]
[SourceQuality "1"]

1. g3 e5 2. c4 Nf6 3. Bg2 Nc6 4. Nc3 Bc5 5. e3 a6 6. Nge2 d6 7. d4 Ba7 8. Bxc6+
bxc6 9. dxe5 Ng4 10. exd6 cxd6 11. Nd4 Qf6 12. f3 Ne5 13. Ne4 Qe7 14. O-O O-O
15. b3 d5 16. cxd5 cxd5 17. Nc3 Bh3 18. Rf2 Qd7 19. Nce2 g5 20. Bb2 Rfe8 21.
Qd2 h6 22. Rd1 Rac8 23. Kh1 Qd6 24. g4 h5 25. Nf5 Qe6 26. Ned4 Qg6 27. gxh5
Qxh5 28. Rg1 Bb8 29. e4 f6 30. exd5 Kf7 31. d6 Rh8 32. Ng3 Qg6 33. f4 Ng4 34.
Re2 Bxd6 35. Ndf5 Rcd8 36. Qd5+ Kf8 37. Nxd6 gxf4 38. Qe6 Nf2+ 39. Rxf2 Bxe6
40. Rxf4 Rxd6 41. Rxf6+ Qxf6 42. Bxf6 Bd5+ 43. Rg2 Rxf6 0-1

[Event "EU-ch blitz"]
[Site "Katowice"]
[Date "2017.12.15"]
[Round "6"]
[White "Ponomariov, Ruslan"]
[Black "Troyke, Christian"]
[Result "1-0"]
[WhiteElo "2694"]
[BlackElo "2348"]
[PlyCount "41"]
[EventDate "2017.12.15"]
[EventType "swiss (blitz)"]
[EventRounds "22"]
[EventCountry "POL"]
[SourceTitle "CBM 182 Extra"]
[Source "ChessBase"]
[SourceDate "2018.02.23"]
[SourceVersion "1"]
[SourceVersionDate "2018.02.23"]
[SourceQuality "1"]

1. e4 c5 2. Nf3 g6 3. c4 Bg7 4. d4 cxd4 5. Nxd4 Nc6 6. Be3 Nf6 7. Nc3 O-O 8.
Be2 b6 9. f3 Bb7 10. Qd2 Qb8 11. O-O-O Rc8 12. Kb1 d6 13. Rc1 Rc7 14. g4 Qf8
15. h4 h5 16. Nd5 Nxd5 17. cxd5 Nxd4 18. Rxc7 Nxe2 19. Qxe2 Bc8 20. gxh5 gxh5
21. Rg1 1-0

[Event "EU-ch blitz"]
[Site "Katowice"]
[Date "2017.12.15"]
[Round "7"]
[White "Ponomariov, Ruslan"]
[Black "Zelcic, Robert"]
[Result "0-1"]
[WhiteElo "2694"]
[BlackElo "2501"]
[PlyCount "118"]
[EventDate "2017.12.15"]
[EventType "swiss (blitz)"]
[EventRounds "22"]
[EventCountry "POL"]
[SourceTitle "CBM 182 Extra"]
[Source "ChessBase"]
[SourceDate "2018.02.23"]
[SourceVersion "1"]
[SourceVersionDate "2018.02.23"]
[SourceQuality "1"]

1. e4 c6 2. d4 d5 3. e5 c5 4. dxc5 Nc6 5. a3 Nxe5 6. b4 g6 7. Bb5+ Bd7 8. Qxd5
Bxb5 9. Qxe5 Nf6 10. Nc3 Bc6 11. Nf3 Bg7 12. Bb2 O-O 13. Rd1 Qc8 14. Qe2 Re8
15. O-O Nh5 16. Qe3 e5 17. Ne4 Qg4 18. Rfe1 Rad8 19. Rxd8 Rxd8 20. h3 Qxe4 21.
Qxe4 Bxe4 22. Rxe4 f5 23. Re1 e4 24. Bxg7 Kxg7 25. Ne5 Rd2 26. Rc1 Nf4 27. Kf1
Rd4 28. c6 bxc6 29. Nxc6 Rd2 30. Ne5 Rd4 31. b5 Ra4 32. g3 Nd5 33. c4 Nc7 34.
Rc3 Kf6 35. Nd7+ Ke7 36. Nc5 Ra5 37. Ke2 Ne6 38. Nxe6 Kxe6 39. Ke3 Kd6 40. Kd4
Ra4 41. g4 h5 42. gxf5 gxf5 43. Rg3 f4 44. Rg6+ Ke7 45. Ra6 e3 46. fxe3 f3 47.
Kd3 Rxc4 48. Rxa7+ Ke6 49. Ra8 Ke7 50. Ra7+ Ke6 51. Ra6+ Ke7 52. Rg6 Rc1 53.
Kd2 f2 54. Kxc1 f1=Q+ 55. Kd2 Qxh3 56. b6 Qd7+ 57. Ke2 Qb5+ 58. Kd2 Qb2+ 59.
Ke1 Qb1+ 0-1

[Event "EU-ch blitz"]
[Site "Katowice"]
[Date "2017.12.15"]
[Round "8"]
[White "Zelcic, Robert"]
[Black "Ponomariov, Ruslan"]
[Result "0-1"]
[WhiteElo "2501"]
[BlackElo "2694"]
[PlyCount "84"]
[EventDate "2017.12.15"]
[EventType "swiss (blitz)"]
[EventRounds "22"]
[EventCountry "POL"]
[SourceTitle "CBM 182 Extra"]
[Source "ChessBase"]
[SourceDate "2018.02.23"]
[SourceVersion "1"]
[SourceVersionDate "2018.02.23"]
[SourceQuality "1"]

1. e4 d6 2. d4 Nf6 3. Nc3 g6 4. Nf3 Bg7 5. Be2 O-O 6. O-O c6 7. a4 Qc7 8. Be3
Nbd7 9. Nd2 b6 10. Kh1 Bb7 11. f4 e5 12. Nc4 exd4 13. Bxd4 Rad8 14. e5 dxe5 15.
fxe5 Nd5 16. Nxd5 cxd5 17. Nd6 Nxe5 18. Nxb7 Qxb7 19. c3 Rfe8 20. Bb5 Re6 21.
Qd2 a6 22. Be2 Rde8 23. Rfe1 h5 24. h3 Kh7 25. Bxe5 Rxe5 26. Bf3 Qd7 27. Rxe5
Rxe5 28. a5 bxa5 29. Rxa5 Qe6 30. Ra1 Bh6 31. Qf2 a5 32. Rd1 Be3 33. Qf1 Bb6
34. b3 Bc7 35. c4 dxc4 36. bxc4 Rf5 37. Qe2 Qf6 38. Rd7 Bg3 39. Rd1 Kg7 40. Qd2
a4 41. Qe2 a3 42. Bd5 a2 0-1

[Event "EU-ch blitz"]
[Site "Katowice"]
[Date "2017.12.15"]
[Round "10"]
[White "Ponomariov, Ruslan"]
[Black "Zorko, Jure"]
[Result "1-0"]
[WhiteElo "2694"]
[BlackElo "2457"]
[PlyCount "49"]
[EventDate "2017.12.15"]
[EventType "swiss (blitz)"]
[EventRounds "22"]
[EventCountry "POL"]
[SourceTitle "CBM 182 Extra"]
[Source "ChessBase"]
[SourceDate "2018.02.23"]
[SourceVersion "1"]
[SourceVersionDate "2018.02.23"]
[SourceQuality "1"]

1. e4 e5 2. Nf3 Nc6 3. Bc4 Bc5 4. c3 Nf6 5. d3 a6 6. Nbd2 Ba7 7. Bb3 O-O 8. Nc4
d6 9. Bg5 h6 10. Bh4 g5 11. Nxg5 hxg5 12. Bxg5 Kg7 13. Qf3 Rh8 14. h4 Rh6 15.
Bxh6+ Kxh6 16. Ne3 Bxe3 17. Qxe3+ Kg7 18. Qg5+ Kf8 19. h5 Ng8 20. Qxd8+ Nxd8
21. h6 Nxh6 22. Rxh6 Kg7 23. Rh4 Ne6 24. Bxe6 Bxe6 25. Ke2 1-0

[Event "EU-ch blitz"]
[Site "Katowice"]
[Date "2017.12.15"]
[Round "11"]
[White "Ponomariov, Ruslan"]
[Black "Dvirnyy, Danyyil"]
[Result "1-0"]
[WhiteElo "2694"]
[BlackElo "2532"]
[PlyCount "127"]
[EventDate "2017.12.15"]
[EventType "swiss (blitz)"]
[EventRounds "22"]
[EventCountry "POL"]
[SourceTitle "CBM 182 Extra"]
[Source "ChessBase"]
[SourceDate "2018.02.23"]
[SourceVersion "1"]
[SourceVersionDate "2018.02.23"]
[SourceQuality "1"]

1. e4 c5 2. Nf3 d6 3. d4 cxd4 4. Nxd4 Nf6 5. Nc3 Nc6 6. Bg5 e6 7. Qd2 a6 8.
O-O-O h6 9. Nxc6 bxc6 10. Bf4 d5 11. Qe3 Bb4 12. a3 Ba5 13. Be2 O-O 14. exd5
cxd5 15. h4 Qb6 16. b4 Qxe3+ 17. Bxe3 Bc7 18. g4 Be5 19. Na4 Nd7 20. f4 Bc7 21.
g5 Bb7 22. Rhg1 hxg5 23. hxg5 Bc6 24. Nc3 Rfc8 25. Rg4 Bb6 26. Bxb6 Nxb6 27.
Rh4 Kf8 28. Kb2 Ke7 29. Rh7 g6 30. Bd3 Kf8 31. Kb3 a5 32. Rh8+ Ke7 33. Rxc8 a4+
34. Kb2 Rxc8 35. Ne2 Bd7 36. Nd4 Rh8 37. Kc3 Rh4 38. Rf1 Kd6 39. Rf2 Rh1 40.
Nf3 Ra1 41. Kb2 Rh1 42. Ne5 Be8 43. Kc3 Ra1 44. Kb2 Rh1 45. Rf1 Rh4 46. Kc3 Rh2
47. Kd4 Rh4 48. Ke3 d4+ 49. Kxd4 Nd5 50. Nc4+ Ke7 51. Ke5 f6+ 52. gxf6+ Nxf6
53. Kd4 Nd5 54. Kc5 Nxf4 55. Ne5 Nd5 56. Bxg6 Nc3 57. Bxe8 Kxe8 58. b5 Rh5 59.
Re1 Nd5 60. c4 Nf6 61. Kc6 Rh7 62. b6 Kd8 63. b7 Rc7+ 64. Kb6 1-0